000 00531nam a2200181Ia 4500
003 OSt
005 20260303144931.0
008 210210b1957 xxu||||| |||| 00| 0 eng d
040 _cAL
041 _aHindi
082 _a862/119
100 _aUPADHYAYA (Ranadhir)
_966513
_dउपाध्याय (राणाधीर)
245 _aHindi gadya garima
_b हिंदी गद्य गरिमा
260 _aNew York
_bMacmillan & Co. Ltd.
_c1957
690 _aHindi Prose
_966517
906 _a023362
942 _2ddc
_cBK
999 _c148328
_d148328